Splat the cat : the big helper / (Record no. 3117)

MARC details
000 -LEADER
fixed length control field 01804cam a22004337i 4500
005 - DATE AND TIME OF LATEST TRANSACTION
control field 20240207112441.0
020 ## - INTERNATIONAL STANDARD BOOK NUMBER
International Standard Book Number 9780062294272 (pbk.)
020 ## - INTERNATIONAL STANDARD BOOK NUMBER
International Standard Book Number 9780062294272
040 ## - CATALOGING SOURCE
Original cataloging agency BTCTA
Language of cataloging eng
Transcribing agency BTCTA
Description conventions rda
Modifying agency OCO
-- OCP
-- BIB
-- OCLCF
-- OPW
-- DLC
050 00 - LIBRARY OF CONGRESS CALL NUMBER
Classification number PZ7.B76485
Item number 2015
082 04 - DEWEY DECIMAL CLASSIFICATION NUMBER
Classification number 813.6
100 1# - MAIN ENTRY--PERSONAL NAME
Personal name Scotton, Rob
Relator term author.
245 14 - TITLE STATEMENT
Title Splat the cat : the big helper /
Statement of responsibility, etc. text by J.E. Bright ; illustrations by Loryn Brantz ; cover art by Rick Farley.
250 ## - EDITION STATEMENT
Edition statement First Edition.
260 ## - PUBLICATION, DISTRIBUTION, ETC.
Place of publication, distribution, etc. New York :
Name of publisher, distributor, etc. HarperCollins Publishers ,
Date of publication, distribution, etc. 2015
300 ## - PHYSICAL DESCRIPTION
Extent 22 unnumbered pages :
Other physical details color illustrations ;
Dimensions 21 cm.
490 0# - SERIES STATEMENT
Series statement Splat the Cat
500 ## - GENERAL NOTE
General note "Based on the bestselling books by Rob Scotton."
500 ## - GENERAL NOTE
General note "Based on the creation of Rob Scotton"--Cover.
505 ## - FORMATTED CONTENTS NOTE
Formatted contents note M <br/>
520 ## - SUMMARY, ETC.
Summary, etc. "When Dad decided to create to-do lists for the family, Splat is sure he'll never have fun again, But then he learns how using his imagination can make anything fun!" -- Page [4] of cover.
521 1# - TARGET AUDIENCE NOTE
Target audience note 540 <br/>
Source Lexile <br/>
521 1# - TARGET AUDIENCE NOTE
Target audience note M <br/>
Source Raz-Plus <br/>
650 #0 - SUBJECT ADDED ENTRY--TOPICAL TERM
Topical term or geographic name entry element Splat the Cat (Fictitious character)
Form subdivision Juvenile fiction.
650 #0 - SUBJECT ADDED ENTRY--TOPICAL TERM
Topical term or geographic name entry element Cats
Form subdivision Juvenile fiction.
650 #0 - SUBJECT ADDED ENTRY--TOPICAL TERM
Topical term or geographic name entry element Imagination
Form subdivision Juvenile fiction.
650 #0 - SUBJECT ADDED ENTRY--TOPICAL TERM
Topical term or geographic name entry element Helping behavior
Form subdivision Juvenile fiction.
650 #7 - SUBJECT ADDED ENTRY--TOPICAL TERM
Topical term or geographic name entry element Cats.
Source of heading or term fast
Authority record control number or standard number (OCoLC)fst00849374
650 #7 - SUBJECT ADDED ENTRY--TOPICAL TERM
Topical term or geographic name entry element Helping behavior.
Source of heading or term fast
Authority record control number or standard number (OCoLC)fst00954850
650 #7 - SUBJECT ADDED ENTRY--TOPICAL TERM
Topical term or geographic name entry element Imagination.
Source of heading or term fast
Authority record control number or standard number (OCoLC)fst00967585
650 #7 - SUBJECT ADDED ENTRY--TOPICAL TERM
Topical term or geographic name entry element Splat the Cat (Fictitious character)
Source of heading or term fast
Authority record control number or standard number (OCoLC)fst01895503
655 #7 - INDEX TERM--GENRE/FORM
Genre/form data or focus term Fiction.
Source of term fast
Authority record control number or standard number (OCoLC)fst01423787
655 #7 - INDEX TERM--GENRE/FORM
Genre/form data or focus term Juvenile works.
Source of term fast
Authority record control number or standard number (OCoLC)fst01411637
700 1# - ADDED ENTRY--PERSONAL NAME
Personal name Brantz, Loryn
Relator term illustrator.
700 1# - ADDED ENTRY--PERSONAL NAME
Personal name Scotton, Rob
Relator term creator.
906 ## - LOCAL DATA ELEMENT F, LDF (RLIN)
a 7
b cbc
c copycat
d 3
e ncip
f 20
g y-gencatlg
942 ## - ADDED ENTRY ELEMENTS (KOHA)
Source of classification or shelving scheme Dewey Decimal Classification
Koha item type Books
Suppress in OPAC No
999 ## -
-- 3117
-- 3117
Holdings
Withdrawn status Lost status Source of classification or shelving scheme Damaged status Not for loan Collection Home library Current library Shelving location Date acquired Total Checkouts Full call number Barcode Date last seen Date last checked out Copy number Price effective from Koha item type
    Dewey Decimal Classification     Juvenile Fiction Footprints International School Library Network Toul Kork Campus Footprints International School Library Network Toul Kork Campus TK Primary Library Room(4th Floor), Bookcase 3&4, Shelves 17-32, Yellow Books 10/22/2024   SCO 813.6 PZ7.B76485 2024-2196 10/22/2024   2 10/22/2024 Books
    Dewey Decimal Classification     Juvenile Fiction Footprints International School Library Network Toul Kork Campus Footprints International School Library Network Toul Kork Campus TK Primary Library Room(4th Floor), Bookcase 3&4, Shelves 17-32, Yellow Books 07/09/2025   SCO 813.6 PZ7.B76485 FISTKG2A095 07/09/2025   3 07/09/2025 Books
    Dewey Decimal Classification     Juvenile Fiction Footprints International School Library Network Toul Tom Poung Campus Footprints International School Library Network Toul Tom Poung Campus TTP Primary Yellow Bookshelves 02/07/2024 1 SCO 813.6 PZ7.B76485 FISBK01047 04/10/2025 08/14/2024 1 02/07/2024 Books